| 000 | 00683nam a2200241 a 4500 | ||
|---|---|---|---|
| 005 | 20140310183512.0 | ||
| 008 | 101011s19uu xx 00 eng d | ||
| 020 | _a9780324786460 | ||
| 050 |
_aR 858 _b.J81 2010 |
||
| 100 | _aJoos, Irene | ||
| 245 |
_aIntroduction to computers for Healthcare professionals./ _bIrene Joos. |
||
| 250 | _a5th ed. | ||
| 260 |
_aUSA : _bJones and Bartlette Pub, _c2010. |
||
| 300 |
_a618 p. : _bill. ; _c22 cm. |
||
| 521 | _aNUR | ||
| 650 | _aComputer literacy . | ||
| 650 | _aComputers. | ||
| 650 | _aComputer User training-methods. | ||
| 700 | _aNelson, Ramona | ||
| 700 | _aSmith , Marjorie | ||
| 942 |
_cBK _2lcc _kFOR |
||
| 999 |
_c24202 _d24202 |
||